=LDR 00000nam 2200000 4500 =001 NUTBA000000000006140 =005 20141124071524.0 =006 =007 =008 =020 ##$$a 978-602-8131-06-3 =035 ##$$a 0010-111400000000619 =040 ##$$a NBPDMAT =082 ##$$a 580 =090 ##$$a 580 $b Muh m =100 ##$$a Muhammad Naufal Zharif Bakar =245 ##$$a Mengamati kehidupan flora dan fauna / $c Muhammad Naufal Zharif Bakar ; editor, Tedjo =260 ##$$a Depok : $b Iasha Jaya, ( s.a ) =300 ##$$a iv, 64 hlm. : $b ilus. ; $c 20 cm. =500 ##$$a Bibliografi : hlm. 64 =650 ##$$a Tanaman - Binatang =700 ##$$a Tedjo =850 ##$$a NBPDMAT =990 ##$$a 3116331163 =990 ##$$a 21010263 =990 ##$$a 21418247 =990 ##$$a 21418248 =990 ##$$a 21418249 =990 ##$$a 21418250 =990 ##$$a 21418251